000 00609nam a2200205Ii 4500
001 5720
003 CO-ViMGA
008 241108s9999||||xx |||||||||||||| ||und||
040 _aCO-ViMGA
_bspa
_erda
_cCO-ViMGA
041 0 _aunk
082 0 4 _a843.8-M777c
100 1 _aXavier de Montepin
_957302
245 1 0 _aLos compañeros de la Antorcha
264 1 _a[Lugar de publicación no identificado] : Ramón Sopena, 1957
300 _avolumen
336 _atext
_btxt
_2rdacontent
337 _aunmediated
_bn
_2rdamedia
338 _avolume
_bnc
_2rdacarrier
940 _aidficha_siabuc: 5574. -- ficha_no_siabuc:5720
999 _c55670
_d55670